Ιστορία της Μουσικής
Αποθηκεύτηκε σε:
| Κύριος συγγραφέας: | |
|---|---|
| Άλλοι συγγραφείς: | |
| Μορφή: | Βιβλίο |
| Γλώσσα: | Greek French |
| Δημοσίευση: |
Αθήνα :
Υποδομή,
c1978.
|
| Θέματα: | |
| Ετικέτες: |
Προσθήκη ετικέτας
Δεν υπάρχουν, Καταχωρήστε ετικέτα πρώτοι!
|
MARC
| LEADER | 00000cam a2200000 i 4500 | ||
|---|---|---|---|
| 001 | 1/13882 | ||
| 008 | 980316m19791980gr | ||| |||| ||gre|| | ||
| 035 | |l 10019207 | ||
| 040 | |a GR-MyUA |b gre |e AACR2 | ||
| 041 | 1 | |a gre |h fre | |
| 082 | 0 | |a 780.9 | |
| 100 | 1 | |a Vuillermoz, Émile, |d 1879-1960. | |
| 245 | 1 | 0 | |a Ιστορία της Μουσικής / |c Εμίλ Βυλερμόζ ; μετάφραση - προσθήκες - σχόλια Γιώργος Λεωτσάκος. |
| 260 | |a Αθήνα : |b Υποδομή, |c c1978. | ||
| 300 | |a 365 σ.(τ.1.); 427 σ.(τ.2.) : |b εικ. ; | ||
| 500 | |a Τίτλος πρωτοτύπου: Histoire de la musique. | ||
| 504 | |a Περιέχει ευρετήριο (τ.2.). | ||
| 505 | 0 | |a Τ. 1. Από την αρχαιότητα ως το Σεξάρ Φράνκ -- Τ. 2. Από τον Σεξάρ Φράνκ ως τις μέρες μας. | |
| 650 | 0 | 0 | |a Music |x History and criticism. |
| 650 | 0 | 0 | |a Music, Origin of. |
| 700 | 1 | |a Λεωτσάκος, Γιώργος Σ., |d 1935- |e trl | |
| 852 | |a INST |b LESVOS |e 19980316 |h 780.9 VUI |p 005100013769 |q 005100013769 |t BK |y 0 |z τ.1. | ||
| 852 | |a INST |b LESVOS |e 19980327 |h 780.9 VUI |p 005100013770 |q 005100013770 |t BK |y 0 |z τ.2. | ||
| 852 | |a INST |b LESVOS |e 19980316 |h 780.9 VUI |p 005100013769 |q 005100013769 |t BK |v τ.1.: |y 0 |z τ.1. | ||
| 852 | |a INST |b LESVOS |e 19980327 |h 780.9 VUI |p 005100013770 |q 005100013770 |t BK |v τ.2.: |y 0 |z τ.2. | ||
| 853 | |a INST |b LESVOS |h 780.9 VUI | ||
| 901 | |a BIBL-1998-2 | ||
| 909 | |a Λ |b 054145 | ||
| 909 | |a Λ |b 054146 | ||
| 922 | |a 1ΕΛΗ |b 199802 |c ΚΠΣ/ΤΚΑ |d EMVASIS | ||
| 950 | |a 117-1998-01-28 | ||